| 000 | 00578nam a22001577a 4500 | ||
|---|---|---|---|
| 003 | NUST | ||
| 082 | _a200 | ||
| 100 |
_aHanfi, Abdul Samad _9118451 |
||
| 245 |
_aTransnational Film Adaptation and Its Repercussions on Film Content: A Study of Lee Hwan-Kyung’s “Miracle in Cell No. 7”/ _cAbdul Samad Hanfi, |
||
| 264 |
_aIslamabad : _bS3H. NUST, _c2023. |
||
| 300 |
_a85 p. ; _c30 cm. |
||
| 650 |
_aMS- Mass Communication _9114380 |
||
| 700 |
_aSupervisor: Dr. Hammad Mushtaq _9118452 |
||
| 856 | _uhttp://10.250.8.41:8080/xmlui/handle/123456789/37529 | ||
| 942 |
_2ddc _cSC |
||
| 999 |
_c603395 _d603395 |
||